000 00642nam a2200241Ia 4500
003 OSt
005 20221007075621.0
006 a|||||r|||| 00| 0
007 ta
008 221006b |||||||| |||| 00| 0 eng d
024 _a21,113
037 _cTextual
040 _aFLL
_cFLL
_beng
041 _2eng
_aeng
082 _aZ2:33qN32, L6
100 _aAggarawala Om Prakash
245 0 _aIndian partnership act, 1932
250 _a7th
260 _aNew Delhi
_bMetropolitan Book Comp. India
_c1976
300 _a832p
_ccm.
942 _hZ2:33qN32, L6
_cTEXL
_2CC
999 _c1156761
_d1156761